000 00921nam a2200265Ia 4500
003 OSt
005 20221005110913.0
006 a|||||r|||| 00| 0
007 ta
008 221004b |||||||| |||| 00| 0 hin d
020 _c95
024 _a21369
037 _bBR8453, 23/03/2015, Rajkamal Prakashan Pvt. Ltd.
_cTextual
040 _aCRL
_cCRL
_bhin
041 _2hin
_ahin
082 _aO152,2N42,SU, N8
100 _aस्वदेश दीपक
245 0 _aसबसे उदास कविता
246 _aSabase udās kavitā
260 _aनई दिल्ली
_bराजकमल प्रकाशन भारत
_c1998
300 _a79पृ0
_ccm.
650 _aहिन्दी साहित्य
942 _hO152,2N42,SU, N8
_cTEXL
_2cc
999 _c1020236
_d1020236